Oxford Dictionary of Phrasal Verbs (Запис № 277674)
[ простий вигляд ]
| 000 -Лідер | |
|---|---|
| fixed length control field | 01171nam a22002657a 4500 |
| 001 - Контрольний номер | |
| control field | 2162214035926686 |
| 003 - Ідентифікатор контрольного номера | |
| control field | UA-OsUOA |
| 005 - Дата та час останнього входження (трансакції) | |
| control field | 20260318162129.0 |
| 008 - Елементи даних фіксованої довжини – загальна інформація | |
| fixed length control field | 260318b -uk||||| d||| 00| 0 eng d |
| 020 ## - Міжнародний стандартний книжковий номер (ISBN) | |
| Міжнародний стандартний книжковий номер (ISBN) (НП) | 9780194312851 |
| 040 ## - Джерело каталогізації | |
| Агенція оригінальної каталогізації | UA-OsUOA |
| Мова каталогізації | eng |
| Агенція, яка здійснювала перезапис | UA-OsUOA |
| Агенція, яка здійснювала модифікацію | UA-OsUOA |
| 041 ## - Код мови | |
| Код мови тексту/ звукової доріжки чи окремого заголовка (П) | eng |
| 080 ## - Індекс Універсальної десяткової класифікації | |
| Індекс Універсальної десяткової класифікації (УДК) (НП) | 811.111(038) |
| 090 ## - Локальний шифр розміщення | |
| Класифікаційний індекс УДК | 811.111(038) |
| Авторський знак (НП) | C86 |
| 100 ## - Основне введення – ім’я особи | |
| Ім’я особи (НП) | Cowie A. P. |
| 9 (RLIN) | 2068 |
| 245 ## - Відомості про назву | |
| Назва (НП) | Oxford Dictionary of Phrasal Verbs |
| Дані про відповідальність (НП) | A. P. Cowie, R. Mackin |
| 250 ## - Відомості про видання (редакцію) | |
| Відомості про видання (редакцію) (НП) | Fifth impression |
| 260 ## - Публікація, розповсюдження і т.п. (Вихідні дані) | |
| Місце публікації, розповсюдження і т.п. (П) | Oxford |
| Ім’я/ наймення видавництва, розповсюджувача і т.п. (П) | Oxford University Press |
| Дата публікації, розповсюдження і т.п. (П) | 1997 |
| 300 ## - Фізичний опис | |
| Обсяг | 517 p. |
| 520 ## - Резюме і т.п. | |
| Резюме, реферат, анотація, тощо (НП) | "This is a completely revised and updated edition of the first volume of the Oxford Dictionary of Current Idiomatic English. It provides a comprehensive and detailed guide to the meaning and use of over 11,000 phrasal verbs. The dictionary includes clear explanations, illustrative examples of usage from contemporary sources, and detailed information on the grammatical patterns and collocations associated with each verb." |
| 650 ## - Додаткове предметне введення – тематичний термін | |
| Тематичний термін чи географічна назва, як елемент введення (НП) | 81 Лінгвістика. Мовознавство. Мови |
| 9 (RLIN) | 1918 |
| 700 1# - Додаткове введення – ім'я особи | |
| Ім’я особи (НП) | Mackin R. |
| 9 (RLIN) | 24534 |
| 942 ## - Додаткові елементи входу (Коха) | |
| Тип елемента Koha | Книги |
| Source of classification or shelving scheme | Universal Decimal Classification |
| 955 ## - Код типу видання за змістом | |
| Код типу видання за змістом (НП) | Довідкові видання |
| Стан вилучень | Стан втрат | Джерело класифікації або схеми стелажів | Стан уражень | Не для кредиту | Постійне місце розташування | Поточне розміщення | Дата придбання | Джерело придбання | Вартість, звичайна ціна покупки | Усього замовленно | Повний номер виклику | Штрих-код | Дата останнього перегляду | Ціна ефективна від | Тип елемента Koha | Дата останньої перевірки | Вартість, ціна заміни |
|---|---|---|---|---|---|---|---|---|---|---|---|---|---|---|---|---|---|
| Universal Decimal Classification | ВІЛ - Відділ іноземн. літератури НБ | ВІЛ - Відділ іноземн. літератури НБ | 08/08/2005 | №214 | 44.00 | 2 | 811.111(038) C86 | 200373 | 16/09/2025 | 15/01/1997 | Книги | 19/08/2025 | 44.00 | ||||
| Universal Decimal Classification | Ресурсний центр вивчення іноземних мов ім. Олексія Ізментінова | Ресурсний центр вивчення іноземних мов ім. Олексія Ізментінова | 08/08/2005 | №123 | 44.00 | 80 | 200371 | 01/11/2021 | 24/02/1998 | Книги | |||||||
| Universal Decimal Classification | Ресурсний центр вивчення іноземних мов ім. Олексія Ізментінова | Ресурсний центр вивчення іноземних мов ім. Олексія Ізментінова | 08/08/2005 | №123 | 44.00 | 1 | 80 | 200372 | 01/11/2021 | 24/02/1998 | Книги | 01/10/2019 |